| 000 | 00847cab a2200241 4500 | ||
|---|---|---|---|
| 001 | ABS58124 | ||
| 008 | 090401t1998 xxu||||| |||| 00| 0 eng d | ||
| 035 | _a(Sirsi) u83460 | ||
| 041 | _aeng | ||
| 100 | _aBarnes, R. | ||
| 245 | _aNo outside help needed | ||
| 260 | _c1998 | ||
| 350 | _a0 | ||
| 490 |
_aBuilding _v258(8021) 9 January 1998, 26-27(2) |
||
| 520 | _aConsiders whether it is necessary for adjudicators to be strangers to the disputes referred to them. | ||
| 650 | _aMANAGEMENT-DISPUTE AVOIDANCE, MANAGEMENT AND RESOLUTION-DISPUTE MANAGEMENT AND RESOLUTION-ALTERNATIVE DISPUTE RESOLUTION-ADJUDICATION | ||
| 650 | _aBUILT ENVIRONMENT-BUILDING CONTRACT FORMS | ||
| 650 | _aCONSTRUCTION DISPUTES | ||
| 650 | _aCONTRACT CERTIFIER | ||
| 690 | _aBUILT ENVIRONMENT-BUILDING CONTRACT FORMS | ||
| 942 | _n0 | ||
| 948 | _c30/01/1998 | ||
| 999 |
_c52714 _d52714 |
||